000 00424nam a22001337a 4500
020 _a9780241342022
040 _cNUST
082 _a615.321 CHE
100 _aChevallier, Andrew
_9111331
245 _aHerbal Remedies Handbook:
_bMore Than 140 Plant Profiles : Remedies for Over 50 Common Conditions
260 _aLondon:
_bDorling Kindersley Limited,
_c2010.
650 _aHerbs--Therapeutic Use
_9111368
942 _2ddc
_cBK
999 _c594228
_d594228